Total Drama Island - Statistics

General Stats
  • This quiz has been taken 287 times
  • The average score is 21 of 24
Answer Stats
Answer % Correct
Duncan
96%
Gwen
96%
Owen
96%
Heather
94%
Courtney
89%
Eva
89%
Eva
89%
Katie
89%
Noah
89%
Sadie
89%
Beth
88%
Harold
86%
Lindsay
86%
Ezekiel
85%
Dj
84%
Izzy
84%
Izzy
84%
Leshawna
84%
Bridgette
83%
Geoff
83%
Cody
82%
Trent
82%
Tyler
82%
Justin
81%
No matching quizzes found
Score Distribution
Percent of People with Each Score
Percentile by Number Answered
Your Score History
You have not taken this quiz